Trouve les animés avec ces personnage - Statistiques

Statistiques générales
  • Ce quiz a été pris 400 fois
  • Le résultat moyen est 14 sur 16
Statistiques - réponses
Par images Réponse % Correct
Naruto
99%
One piece
99%
Hunter x Hunter
97%
Pokémon
97%
Dragon ball z
96%
Snk
96%
Death note
95%
Assassination classroom
94%
Boruto
94%
Demon slayer
92%
Fairy tail
89%
My hero academia
88%
Détective Conan
86%
Spy x family
83%
Sailor moon
77%
Jujutsu kaisen
64%
Aucun quiz correspondant
Distribution des résultats
% des personnes avec chaque résultat
Percentile par nombre de réponses
Votre historique - résultats
Vous n’avez pas pris ce quiz